Statistics for Lana Del Rey - A&W (Part I) (Lyrics)

Click here to take the quiz!

General Stats

  • This quiz has been taken 251 times
    (50 since last reset)
  • The average score is 278 of 366

Answer Stats

Answer% Correct
a
98%
I
95%
me
95%
me,
95%
an
93%
cartwheel
93%
do
93%
Do
93%
done
93%
haven't
93%
in
93%
long
93%
long,
93%
mother
93%
my
93%
nine
93%
of
93%
since
93%
the
93%
time
93%
was
93%
you
93%
be
90%
body
90%
he
90%
it,
90%
it?
90%
It
90%
it
90%
really,
90%
really
90%
seen
90%
shape
90%
at
88%
hair,
88%
look
88%
who
88%
American
86%
whore
86%
doesn't
86%
is
86%
love
86%
matter
86%
matter,
86%
No,
86%
say
86%
So
86%
think
86%
This
86%
this
86%
to
86%
whore
86%
about
83%
being
83%
experience
83%
I'm
83%
live
83%
not
83%
anymore
81%
fuck
81%
It's
81%
on
79%
someone
79%
up
79%
up,
79%
call
76%
Call
76%
having
76%
length
76%
we
76%
what
76%
and
74%
damn
74%
floor
74%
for
74%
give
74%
just
74%
mean,
74%
talk
74%
face,
71%
like
71%
ask
69%
Ask
69%
hotel
69%
talking?
69%
them
69%
bedroom
67%
Did
67%
him
67%
years
67%
hearing
64%
know,
64%
know
64%
over
64%
come
62%
Ramada
62%
why
62%
after
60%
Ended
60%
If
60%
that
60%
told
60%
didn't
57%
Didn't
57%
anybody
55%
don't
55%
Girl
55%
princess,
55%
raped,
55%
would
55%
again
52%
fucked
52%
Maybe
52%
maybe
52%
Rosemead,
52%
wrong
52%
already
50%
can
50%
Diary
50%
Files
50%
Forensic
50%
into
50%
story
50%
Teenage
50%
Watching
50%
went
50%
Wondering
50%
but,
48%
kinda
48%
another
45%
Called
45%
comes
45%
testify,
45%
thirty-three?
45%
can't
43%
head,
43%
side-piece
43%
many
40%
still
40%
things
40%
Top
40%
wasn't
40%
believe
38%
one
38%
other
38%
how
36%
invisible
36%
invisible,
36%
looking
36%
singer
36%
divisive
33%
Yeah,
33%
back
31%
ghost
29%
hold
29%
calls
26%
now,
26%
now
26%
shower
26%
while
26%
door
21%
there
21%
out
19%
Puts
17%
Got
14%
backbeat
10%
cop
10%
friend,
10%
turned
10%
Slips
7%

Score Distribution

Percentile by Number Answered

Percent of People with Each Score

Your Score History

You have not taken this quiz since the last reset